Multiprocessor systems-on-chips (Record no. 9832)
[ view plain ]
| 000 -LEADER | |
|---|---|
| fixed length control field | 00633 a2200181 4500 |
| 020 ## - INTERNATIONAL STANDARD BOOK NUMBER | |
| International Standard Book Number | 012385251X |
| 040 ## - CATALOGING SOURCE | |
| Original cataloging agency | DLC |
| Language of cataloging | DLC |
| 100 ## - MAIN ENTRY--PERSONAL NAME | |
| Personal name | Jerrays, Ahmed Amine |
| 245 00 - TITLE STATEMENT | |
| Title | Multiprocessor systems-on-chips |
| Statement of responsibility, etc. | Ahmed Amine Jerrays and Wayne Wolf |
| 246 3# - VARYING FORM OF TITLE | |
| Title proper/short title | Multiprocessor systems-on-chips |
| 260 ## - PUBLICATION, DISTRIBUTION, ETC. | |
| Place of publication, distribution, etc. | San Francisco, Calif. : |
| Name of publisher, distributor, etc. | Morgan Kaufmann ; |
| Place of publication, distribution, etc. | Oxford : |
| Name of publisher, distributor, etc. | Elsevier Science, |
| Date of publication, distribution, etc. | 2005. |
| 300 ## - PHYSICAL DESCRIPTION | |
| Extent | xx, 581 p. : |
| Other physical details | ill. ; |
| Dimensions | 25 cm. |
| 650 #0 - SUBJECT ADDED ENTRY--TOPICAL TERM | |
| Topical term or geographic name entry element | Systems on a chip |
| General subdivision | Design and construction. |
| 650 #0 - SUBJECT ADDED ENTRY--TOPICAL TERM | |
| Topical term or geographic name entry element | Multiprocessors |
| General subdivision | Design and construction. |
| 700 1# - ADDED ENTRY--PERSONAL NAME | |
| Personal name | Wolf, Wayne. |
| 700 1# - ADDED ENTRY--PERSONAL NAME | |
| Personal name | Jerraya, Ahmed A. |
| 942 ## - ADDED ENTRY ELEMENTS (KOHA) | |
| Koha item type | Book |
| Call number prefix | 621.395 JER |
| Source of classification or shelving scheme | |
| Withdrawn status | Lost status | Damaged status | Not for loan | Collection code | Permanent Location | Current Location | Shelving location | Date acquired | Source of acquisition | Cost, normal purchase price | Total Checkouts | Full call number | Barcode | Date last seen | Date last checked out | Price effective from | Koha item type |
|---|---|---|---|---|---|---|---|---|---|---|---|---|---|---|---|---|---|
| Central Library (CL) | Central Library (CL) | General Stacks | 05/22/2008 | Progressive International Agencies | 4532.00 | 2 | 621.395 JER | SEECS009139 | 04/04/2016 | 04/04/2016 | 01/05/2017 | Book |
